000
00268nam a2200109Ia 4500
008
190914s9999||||xx |||||||||||||| ||und||
100
_a
Paul Jackson
245
0
_a
Oracle Applications DBA Field Guide
260
_a
India
_b
S. Chand
_c
2008
300
_a
200
942
_c
BK
999
_c
10150
_d
10150